000 00558nam a22001937a 4500
999 _c11403
_d11403
003 AR-CdUCM
008 190403b ||||| |||| 00| 0 spa d
040 _aMUNICIPALIDAD PROVINCIAL DEL CUSCO
_cBIBLIOTECA MUNICIPAL DEL CUSCO
082 _a869.56 /
_bSA17C / 1960
100 _aSalas Gamarra, Armando
_925244
245 _aCantos del beso no encontrado /
260 _aLima :
_c196.
300 _a24 páginas ;
_c16 cm.
650 _aLiteratura Peruana
_9132
650 _aSiglo XX
_98
650 _aCantos
_91085
942 _2ddc
_cLIBROS
945 _aachl